|
|
|
|
| LEADER |
03211nam a2200397I 4500 |
| 001 |
9781787432970 |
| 003 |
UtOrBLW |
| 005 |
20171016084244.0 |
| 006 |
m o d |
| 007 |
cr un||||||||| |
| 008 |
171016s2017 enk ob 001 0 eng d |
| 020 |
|
|
|a 9781787432970
|q (e-book)
|
| 040 |
|
|
|a UtOrBLW
|b eng
|e rda
|c UtOrBLW
|d GrThAP
|
| 050 |
|
4 |
|a HF5657.4
|b .A38 2017
|
| 072 |
|
7 |
|a KFCM
|2 bicssc
|
| 072 |
|
7 |
|a BUS001040
|2 bisacsh
|
| 080 |
|
|
|a 657
|
| 082 |
0 |
4 |
|a 658.1511
|2 23
|
| 245 |
0 |
0 |
|a Advances in management accounting.
|n Vol. 29 /
|c edited by Mary A. Malina.
|
| 264 |
|
1 |
|a Bingley, U.K. :
|b Emerald Publishing Limited,
|c 2017.
|
| 264 |
|
4 |
|c ©2017
|
| 300 |
|
|
|a 1 online resource (xvi, 224 pages).
|
| 336 |
|
|
|a text
|b txt
|2 rdacontent
|
| 337 |
|
|
|a computer
|b c
|2 rdamedia
|
| 338 |
|
|
|a online resource
|b cr
|2 rdacarrier
|
| 490 |
0 |
|
|a Advances in management accounting,
|x 1474-7871 ;
|v v. 29
|
| 500 |
|
|
|a Includes index.
|
| 504 |
|
|
|a Includes bibliographical references.
|
| 505 |
0 |
|
|a Prelims -- Changes in cost system design and intensity of use in times of crisis: evidence from Dutch local government -- Beyond budgeting: distinguishing modes of adaptive performance management -- Assessing the main and interaction effects of activity-based costing and internal and external information systems integration on manufacturing plant operational performance -- An exploratory investigation of management accounting service quality dimensions using Servqual and Servperf -- Learning from the experience of others: lessons on the research - practice gap in management accounting - A nursing perspective -- Performance changes over difficult times for the banking sector: a branch level study -- Index.
|
| 520 |
|
|
|a Advances in Management Accounting (AIMA) is a publication of quality applied research in management accounting. The journal's purpose is to publish thought-provoking articles that advance knowledge in the management accounting discipline and are of interest to both academics and practitioners. The journal seeks thoughtful, well-developed articles on a variety of current topics in management accounting, broadly defined. All research methods including survey research, field tests, corporate case studies, experiments, meta-analyses, and modeling are welcome. Some speculative articles, research notes, critiques, and survey pieces will be included where appropriate. Articles may range from purely empirical to purely theoretical, from practice-based applications to speculation on the development of new techniques and frameworks. Empirical articles must present sound research designs and well-explained execution. Theoretical arguments must present reasonable assumptions and logical development of ideas. All articles should include well-defined problems, concise presentations, and succinct conclusions that follow logically from the data.
|
| 650 |
|
0 |
|a Managerial accounting.
|
| 650 |
|
7 |
|a Business & Economics
|x Accounting
|x Managerial.
|2 bisacsh
|
| 650 |
|
7 |
|a Management accounting & bookkeeping.
|2 bicssc
|
| 700 |
1 |
|
|a Malina, Mary A.,
|e editor.
|
| 776 |
|
|
|z 9781787432987
|
| 856 |
4 |
0 |
|u http://www.emeraldinsight.com/doi/book/10.1108/S1474-7871201729
|z Full Text via HEAL-Link
|